000 00493nam a22001937a 4500
003 MPLRDC
005 20220104183920.0
008 210129b ||||| |||| 00| 0 eng d
020 _a986-7323-93-9
082 _a544.144 ELL
100 _aSHEILA ELLISON
245 _a她怎么办到的?
_c张慎修译
250 _a初版
260 _a台湾
_b高宝国际有限公司
_c2005
300 _b
490 _a新视野. NW028
650 _a家庭--母亲
942 _cBK
_o544.144 ELL
999 _c62625
_d62615